000 01232nam a2200313 a 4500
001 ebr10742821
003 CaPaEBR
006 m o u
007 cr cn|||||||||
008 130520s2013 si a sb 001 0 eng d
010 _z 2013014066
020 _z9789814513371 (hardcover : alk. paper)
020 _z9789814513388 (e-book)
040 _aCaPaEBR
_cCaPaEBR
035 _a(OCoLC)857066309
050 1 4 _aQA273.6
_b.R69 2013eb
082 0 4 _a519.2
_223
100 1 _aRozikov, Utkir A.,
_d1970-
245 1 0 _aGibbs measures on Cayley trees
_h[electronic resource] /
_cUtkir A. Rozikov.
260 _aSingapore ;
_aHackensack, N.J. :
_bWorld Scientific,
_c2013.
300 _axviii, 385 p. :
_bill.
504 _aIncludes bibliographical references and index.
533 _aElectronic reproduction.
_bPalo Alto, Calif. :
_cebrary,
_d2013.
_nAvailable via World Wide Web.
_nAccess may be limited to ebrary affiliated libraries.
650 0 _aProbability measures.
650 0 _aDistribution (Probability theory)
655 7 _aElectronic books.
_2local
710 2 _aebrary, Inc.
856 4 0 _uhttp://site.ebrary.com/lib/rucke/Doc?id=10742821
_zAn electronic book accessible through the World Wide Web; click to view
999 _c150174
_d150174